Hydrochloric acid and sodium sulfate /

Bibliographic Details
Main Author: Laury, Napoleon Arthur, 1877-
Format: Book
Language:English
Published: New York : The Chemical catalog company, inc., 1927.
Series:Monograph series (American Chemical Society) ; no. 36.
Subjects:

MARC

Tag First Indicator Second Indicator Subfields
LEADER 00000cam a2200000 4500
001 in00000095181
005 20150927110650.0
008 760412s1927 nyua 00010 eng
010 |a  27024284  
035 |a (OCoLC)02107333 
035 |9 AAL7061AM 
040 |a DLC  |c YNG  |d TXA  |d UtOrBLW 
049 |a TXAM  |c 1 [116503]  |c 2 [118153] 
050 0 |a TP217.H8  |b L3 
100 1 |a Laury, Napoleon Arthur,  |d 1877- 
245 1 0 |a Hydrochloric acid and sodium sulfate /  |c by N. A. Laury. 
264 1 |a New York :  |b The Chemical catalog company, inc.,  |c 1927. 
300 |a 127 pages :  |b illustrations ;  |c 24 cm. 
336 |a text  |b txt  |2 rdacontent 
337 |a unmediated  |b n  |2 rdamedia 
338 |a volume  |b nc  |2 rdacarrier 
490 1 |a American Chemical Society. Monograph series,  |v [no. 36] 
650 0 |a Hydrochloric acid. 
650 0 |a Sodium sulfate. 
830 0 |a Monograph series (American Chemical Society) ;  |v no. 36. 
999 |a MARS 
999 f f |s 0ec4fd90-bb96-332f-bf76-41f0255c2e64  |i 72a419fc-38af-3133-95d5-4fd96b96d184  |t 0 
952 f f |p ric  |a Texas A&M University  |b Rellis Campus  |c Joint Library Facility  |d Remote Storage  |t 0  |e TP217.H8 L3  |h Library of Congress classification  |i unmediated -- volume  |m A14805601531 
998 f f |a TP217.H8 L3  |t 0  |l Remote Storage